[Event "Montreal Pere Noel op"]
[Site "Montreal"]
[Date "2024.12.29"]
[Round "4"]
[White "Di Matteo, Alessio"]
[Black "Kraiouchkine, Nikita"]
[Result "0-1"]
[WhiteElo "1864"]
[BlackElo "2200"]
[PlyCount "120"]
[EventDate "2024.12.27"]
[EventType "swiss"]
[EventRounds "5"]
[EventCountry "CAN"]
[SourceTitle "CB04_2025"]
[SourceDate "2025.01.22"]
[SourceVersion "1"]
[SourceVersionDate "2025.01.22"]
[SourceQuality "1"]

1. d4 d6 2. e4 e5 3. d5 f5 4. Nc3 Nf6 5. f3 a6 6. Be3 b5 7. a3 f4 8. Bf2 g5 9. Bd3 Rg8 10. g4 h5 11. gxh5 Rh8 12. Bf1 Rxh5 13. Bg2 Qe7 14. Qd3 Qh7 15. h3 Be7 16. 0-0-0 Nbd7 17. Qf1 Nf8 18. Nge2 Ng6 19. Kb1 Bd7 20. Nc1 Kf7 21. N3e2 Rh8 22. Ng1 Qg8 23. Nge2 Qc8 24. Ng1 c6 25. dxc6 Qxc6 26. Rd3 Be6 27. Rc3 Qd7 28. Nd3 d5 29. Bb6 dxe4 30. fxe4 g4 31. Qf2 f3 32. hxg4 Rxh1 33. Bxh1 Rxh1 34. Qxf3 Rxg1+ 35. Bxg1 Bxg4 36. Qe3 Qb7 37. Nf2 Be6 38. Qf3 a5 39. Re3 Bc5 40. Re1 b4 41. a4 b3 42. cxb3 Qxb3 43. Qxb3 Bxb3 44. Nh3 Bb4 45. Rc1 Nxe4 46. Be3 Bxa4 47. Rc4 Nd6 48. Rc7+ Ke6 49. Nf2 Ne7 50. Bc5 Nd5 51. Bxd6 Kxd6 52. Ra7 Bd7 53. Ne4+ Kc6 54. Ra8 Bf5 55. Ra6+ Kb5 56. Ra8 Bxe4+ 57. Ka1 Bd3 58. Rd8 Kc5 59. b3 e4 60. Kb2 e3 0-1

[Event "Montreal op"]
[Site "Montreal"]
[Date "2024.09.15"]
[Round "5"]
[White "Kraiouchkine, Nikita"]
[Black "Constantin, David"]
[Result "1-0"]
[WhiteElo "2218"]
[BlackElo "2028"]
[PlyCount "55"]
[EventDate "2024.09.13"]
[EventType "swiss"]
[EventRounds "5"]
[EventCountry "CAN"]
[SourceTitle "EXT 2025"]
[Source "ChessBase"]
[SourceDate "2024.10.14"]
[SourceVersion "1"]
[SourceVersionDate "2024.10.14"]
[SourceQuality "1"]

1. e4 c5 2. Nf3 e6 3. d4 cxd4 4. Nxd4 a6 5. Bd3 Bc5 6. Nb3 Ba7 7. Qg4 Ne7 8. Qxg7 Rg8 9. Qxh7 Rxg2 10. h4 Nbc6 11. Bg5 d6 12. Nc3 Kd7 13. 0-0-0 Kc7 14. f4 Qf8 15. e5 Be3+ 16. Kb1 d5 17. Rh3 Ba7 18. h5 Bd7 19. h6 Ng8 20. Bf1 Rg1 21. Ne2 Rg4 22. Rc3 f6 23. Nbd4 Re8 24. Bh3 fxg5 25. Bxg4 Qxh6 26. Qf7 Kd8 27. Nxe6+ Kc8 28. Nc5 1-0

[Event "Titled Tuesday intern op 16th Jan Late"]
[Site "Chess.com INT"]
[Date "2024.01.16"]
[Round "5"]
[White "Kraiouchkine, Nikita"]
[Black "Riff, Vincent"]
[Result "1/2-1/2"]
[WhiteElo "2218"]
[BlackElo "2370"]
[PlyCount "135"]
[EventDate "2024.01.16"]
[EventType "swiss (blitz)"]
[EventRounds "11"]
[EventCountry "USA"]
[SourceTitle "CBM 218 Extra"]
[Source "ChessBase"]
[SourceDate "2024.03.31"]
[SourceVersion "1"]
[SourceVersionDate "2024.03.31"]
[SourceQuality "1"]

1. e4 c5 2. Nf3 Nc6 3. d4 cxd4 4. Nxd4 e5 5. Nb5 d6 6. N1c3 a6 7. Na3 b5 8. Nd5 Nge7 9. c4 Nd4 10. Be3 Nxd5 11. cxd5 g6 12. Bxd4 exd4 13. Qxd4 Qa5+ 14. Qd2 Qxd2+ 15. Kxd2 Bg7 16. Rb1 0-0 17. Bd3 f5 18. f3 fxe4 19. Bxe4 Bf5 20. Rhe1 Bxe4 21. Rxe4 Rf5 22. Nc2 Rxd5+ 23. Ke2 Rc8 24. Ne3 Rh5 25. h3 d5 26. Re6 d4 27. Ng4 Rhc5 28. Rd1 h5 29. Nf2 Rc2+ 30. Rd2 Kf7 31. Rxa6 Bh6 32. Rxc2 Rxc2+ 33. Kf1 Rxb2 34. Ne4 Be3 35. g4 d3 36. Rd6 Rb1+ 37. Kg2 d2 38. Nxd2 Rb2 39. gxh5 gxh5 40. Kg3 Bxd2 41. Rd5 Be1+ 42. Kf4 h4 43. Kf5 Ke7 44. Re5+ Kd6 45. Rxe1 Rxa2 46. Kg4 Rf2 47. Re3 Kc5 48. Kxh4 b4 49. Kg4 Kc4 50. Re8 b3 51. Rb8 b2 52. h4 Kc3 53. h5 Rg2+ 54. Kf5 Rh2 55. Kg5 Rg2+ 56. Kf5 Rh2 57. Kg6 Rh4 58. Rxb2 Kxb2 59. h6 Kc3 60. h7 Kd4 61. f4 Ke4 62. Kg7 Rg4+ 63. Kf7 Rxf4+ 64. Kg7 Rg4+ 65. Kf7 Rh4 66. Kg7 Kf5 67. h8Q Rxh8 68. Kxh8 1/2-1/2

[Event "Titled Tuesday intern op 09th Jan Late"]
[Site "Chess.com INT"]
[Date "2024.01.09"]
[Round "2"]
[White "Kraiouchkine, Nikita"]
[Black "Gerbelli Neto, Eduardo"]
[Result "1-0"]
[WhiteElo "2218"]
[BlackElo "2114"]
[PlyCount "57"]
[EventDate "2024.01.09"]
[EventType "swiss (blitz)"]
[EventRounds "11"]
[EventCountry "USA"]
[SourceTitle "EXT 2025"]
[Source "ChessBase"]
[SourceDate "2024.10.14"]
[SourceVersion "1"]
[SourceVersionDate "2024.10.14"]
[SourceQuality "1"]

1. e4 e5 2. Nf3 Nc6 3. Nc3 Nf6 4. d4 exd4 5. Nd5 Nb4 6. Bc4 Nbxd5 7. exd5 Bb4+ 8. Bd2 Qe7+ 9. Qe2 Bxd2+ 10. Kxd2 Qxe2+ 11. Kxe2 d6 12. Nxd4 0-0 13. f3 Bd7 14. Rhe1 c6 15. dxc6 bxc6 16. Kf2 d5 17. Ba6 Rab8 18. Nb3 Bf5 19. c3 Rfe8 20. Rxe8+ Nxe8 21. Re1 Kf8 22. Re2 Nc7 23. Nc5 Rb6 24. Bd3 Bxd3 25. Nxd3 Ne6 26. Ne5 Ra6 27. b3 f6 28. Nd7+ Kf7 29. Rxe6 1-0

[Event "Titled Tuesday intern op 09th Jan Late"]
[Site "Chess.com INT"]
[Date "2024.01.09"]
[Round "7"]
[White "Kraiouchkine, Nikita"]
[Black "Tari, Aryan"]
[Result "0-1"]
[WhiteElo "2218"]
[BlackElo "2623"]
[PlyCount "56"]
[EventDate "2024.01.09"]
[EventType "swiss (blitz)"]
[EventRounds "11"]
[EventCountry "USA"]
[SourceTitle "EXT 2025"]
[Source "ChessBase"]
[SourceDate "2024.10.14"]
[SourceVersion "1"]
[SourceVersionDate "2024.10.14"]
[SourceQuality "1"]

1. e4 a6 2. d4 e6 3. c4 d5 4. Nc3 dxc4 5. a4 Nc6 6. Be3 Na5 7. f4 Nf6 8. Nf3 Bb4 9. Qc2 b5 10. Be2 Bb7 11. e5 Be4 12. Qd1 Nd5 13. Bd2 Bxc3 14. bxc3 Nb3 15. Ra2 h6 16. 0-0 c6 17. Ra3 Qe7 18. Rxb3 cxb3 19. Qxb3 0-0 20. Ra1 Rfb8 21. Be1 Nxf4 22. Bf1 Bxf3 23. gxf3 Qg5+ 24. Bg3 Nh5 25. Kg2 Qd2+ 26. Bf2 Nf4+ 27. Kg1 bxa4 28. Qa2 Rb2 0-1

[Event "Titled Tuesday intern op 02nd Jan Early"]
[Site "Chess.com INT"]
[Date "2024.01.02"]
[Round "11"]
[White "Gutierrez Olivares, Daniel"]
[Black "Kraiouchkine, Nikita"]
[Result "0-1"]
[WhiteElo "2354"]
[BlackElo "2218"]
[PlyCount "86"]
[EventDate "2024.01.02"]
[EventType "swiss (blitz)"]
[EventRounds "11"]
[EventCountry "USA"]
[SourceTitle "EXT 2025"]
[Source "ChessBase"]
[SourceDate "2024.10.14"]
[SourceVersion "1"]
[SourceVersionDate "2024.10.14"]
[SourceQuality "1"]

1. Nf3 d5 2. c4 c6 3. g3 Nf6 4. b3 Bg4 5. Bb2 Nbd7 6. Bg2 e6 7. 0-0 Be7 8. d3 0-0 9. Nbd2 a5 10. a3 b5 11. Qc2 h6 12. Rfe1 Qb6 13. Rac1 bxc4 14. dxc4 Rab8 15. e4 dxe4 16. Ne5 Bc5 17. Nxd7 Bxf2+ 18. Kh1 Nxd7 19. Qc3 e5 20. Rxe4 Bd4 21. Rxd4 exd4 22. Qxd4 Qxd4 23. Bxd4 c5 24. Bc3 a4 25. bxa4 Rfe8 26. a5 Re6 27. Bd5 Ra6 28. Rf1 Be6 29. Bg2 Nf6 30. Bxf6 gxf6 31. Ne4 Bxc4 32. Nxf6+ Kg7 33. Nh5+ Kf8 34. Rc1 Bd3 35. Nf4 Rb1 36. Rxb1 Bxb1 37. a4 Rxa5 38. Bc6 c4 39. Nd5 Be4+ 40. Kg1 Bxd5 41. Bb5 c3 42. Kf2 c2 43. Ke3 c1Q+ 0-1

[Event "Titled Tuesday intern op 02nd Jan Late"]
[Site "Chess.com INT"]
[Date "2024.01.02"]
[Round "4"]
[White "Ibarra Jerez, Jose Carlos"]
[Black "Kraiouchkine, Nikita"]
[Result "0-1"]
[WhiteElo "2559"]
[BlackElo "2218"]
[PlyCount "78"]
[EventDate "2024.01.02"]
[EventType "swiss (blitz)"]
[EventRounds "11"]
[EventCountry "USA"]
[SourceTitle "EXT 2025"]
[Source "ChessBase"]
[SourceDate "2024.10.14"]
[SourceVersion "1"]
[SourceVersionDate "2024.10.14"]
[SourceQuality "1"]

1. e4 e5 2. Nf3 Nc6 3. Bb5 f5 4. Nc3 fxe4 5. Bxc6 bxc6 6. Nxe4 d5 7. Ng3 Bg4 8. h3 Bxf3 9. Qxf3 Nf6 10. 0-0 Bd6 11. d3 0-0 12. Bg5 h6 13. Bxf6 Qxf6 14. Qg4 Qf4 15. Qd7 Bc5 16. Nh1 Rf6 17. Rae1 Raf8 18. Qxc7 Qd2 19. Qxe5 Bxf2+ 20. Nxf2 Rxf2 21. Qe6+ Kh7 22. Qg4 Qxc2 23. Qg3 Rxf1+ 24. Rxf1 Rxf1+ 25. Kxf1 Qd1+ 26. Qe1 Qxd3+ 27. Kg1 Qd4+ 28. Kh2 Qxb2 29. Qe6 Qf6 30. Qd7 Qe5+ 31. Kh1 c5 32. h4 Qe4 33. Qd8 c4 34. h5 c3 35. Qc7 c2 36. Kh2 Qh4+ 37. Kg1 Qe1+ 38. Kh2 c1Q 39. Qd6 Qh4# 0-1

[Event "Titled Tuesday intern op 02nd Jan Early"]
[Site "Chess.com INT"]
[Date "2024.01.02"]
[Round "3"]
[White "Kanter, Eduard"]
[Black "Kraiouchkine, Nikita"]
[Result "0-1"]
[WhiteElo "2344"]
[BlackElo "2218"]
[PlyCount "68"]
[EventDate "2024.01.02"]
[EventType "swiss (blitz)"]
[EventRounds "11"]
[EventCountry "USA"]
[SourceTitle "EXT 2025"]
[Source "ChessBase"]
[SourceDate "2024.10.14"]
[SourceVersion "1"]
[SourceVersionDate "2024.10.14"]
[SourceQuality "1"]

1. e4 e5 2. Nf3 Nc6 3. Bb5 f5 4. d3 fxe4 5. dxe4 Nf6 6. Nc3 Bb4 7. Qd3 d6 8. Bd2 Bxc3 9. Bxc3 Qe7 10. 0-0-0 Be6 11. h3 a6 12. Ba4 b5 13. Bb3 Bxb3 14. axb3 0-0 15. Nh4 Qe6 16. g4 b4 17. Bd2 a5 18. Be3 a4 19. bxa4 Rxa4 20. b3 Ra2 21. Nf5 g6 22. Ng3 Rfa8 23. g5 Nd7 24. Qd5 Ra1+ 25. Kd2 Qxd5+ 26. exd5 Rxd1+ 27. Rxd1 Ne7 28. Ke1 Ra5 29. Bd2 Nxd5 30. Ne4 Ra2 31. Rc1 N7b6 32. c4 bxc3 33. Bxc3 Nf4 34. Rd1 Re2+ 0-1

[Event "Titled Tuesday intern op 02nd Jan Late"]
[Site "Chess.com INT"]
[Date "2024.01.02"]
[Round "7"]
[White "Kraiouchkine, Nikita"]
[Black "Fedoseev, Vladimir1"]
[Result "0-1"]
[WhiteElo "2218"]
[BlackElo "2690"]
[PlyCount "56"]
[EventDate "2024.01.02"]
[EventType "swiss (blitz)"]
[EventRounds "11"]
[EventCountry "USA"]
[SourceTitle "EXT 2025"]
[Source "ChessBase"]
[SourceDate "2024.10.14"]
[SourceVersion "1"]
[SourceVersionDate "2024.10.14"]
[SourceQuality "1"]

1. e4 c6 2. d4 d5 3. exd5 cxd5 4. c4 Nf6 5. Nc3 Nc6 6. Bg5 Be6 7. Nf3 h6 8. Bxf6 exf6 9. c5 g5 10. Bb5 Bg7 11. b4 0-0 12. Bxc6 bxc6 13. 0-0 g4 14. Nd2 f5 15. Nb3 f4 16. b5 cxb5 17. Nxb5 f3 18. gxf3 Qh4 19. fxg4 Bxg4 20. Qd3 Rae8 21. Qg3 Qh5 22. Rfe1 Re6 23. Rxe6 fxe6 24. Re1 Rf3 25. Qb8+ Kh7 26. Re3 Bh3 27. Qg3 Rxe3 28. fxe3 Qd1+ 0-1

[Event "Titled Tuesday intern op 02nd Jan Late"]
[Site "Chess.com INT"]
[Date "2024.01.02"]
[Round "1"]
[White "Kraiouchkine, Nikita"]
[Black "Fernandez Hernandez, Gerardo"]
[Result "1/2-1/2"]
[WhiteElo "2218"]
[BlackElo "2181"]
[PlyCount "122"]
[EventDate "2024.01.02"]
[EventType "swiss (blitz)"]
[EventRounds "11"]
[EventCountry "USA"]
[SourceTitle "EXT 2025"]
[Source "ChessBase"]
[SourceDate "2024.10.14"]
[SourceVersion "1"]
[SourceVersionDate "2024.10.14"]
[SourceQuality "1"]

1. e4 e6 2. d4 d5 3. e5 c5 4. c3 Nc6 5. Nf3 Qb6 6. a3 f6 7. b4 fxe5 8. dxe5 c4 9. Be3 Qc7 10. Bd4 g6 11. h4 h6 12. g3 Bg7 13. Qe2 Nge7 14. Bh3 Bd7 15. Nbd2 0-0-0 16. 0-0 Rdf8 17. Rfe1 Nf5 18. Bc5 Rf7 19. Bxf5 gxf5 20. Bd6 Qb6 21. a4 Qd8 22. b5 Na5 23. Nd4 h5 24. f4 Bf8 25. N2f3 Rg7 26. Ng5 Rh6 27. Kh2 Be7 28. Ngf3 Rhg6 29. Rg1 b6 30. Bb4 Qf8 31. Bxa5 bxa5 32. Ng5 Rh6 33. Qe3 Bc5 34. Rab1 Bb6 35. Rgd1 Qc5 36. Qf3 Qa3 37. Ra1 Qf8 38. Qe2 Qc5 39. Qf2 Qf8 40. Ra2 Qc5 41. Rdd2 Qf8 42. Qf3 Qc5 43. Qd1 Qf8 44. Re2 Qe7 45. Qd2 Qd8 46. Qd1 Bc5 47. Red2 Qb6 48. Rac2 Qc7 49. Qf3 Qb6 50. Rc1 Qc7 51. Re1 Qb6 52. Ree2 Qc7 53. Re1 Qb6 54. Red1 Qc7 55. Qe2 Qb6 56. Ngf3 Rhg6 57. Ng5 Rh6 58. Nc2 Qc7 59. Qe1 Qb6 60. Qe2 Qc7 61. Nd4 Qb6 1/2-1/2

[Event "Titled Tuesday intern op 02nd Jan Late"]
[Site "Chess.com INT"]
[Date "2024.01.02"]
[Round "3"]
[White "Kraiouchkine, Nikita"]
[Black "Rodriguez Avila, Alvaro"]
[Result "1-0"]
[WhiteElo "2218"]
[BlackElo "2190"]
[PlyCount "81"]
[EventDate "2024.01.02"]
[EventType "swiss (blitz)"]
[EventRounds "11"]
[EventCountry "USA"]
[SourceTitle "EXT 2025"]
[Source "ChessBase"]
[SourceDate "2024.10.14"]
[SourceVersion "1"]
[SourceVersionDate "2024.10.14"]
[SourceQuality "1"]

1. e4 c6 2. d4 d6 3. c4 g6 4. Nc3 Bg7 5. f4 e5 6. Nf3 Bg4 7. dxe5 Bxf3 8. Qxf3 dxe5 9. f5 Nd7 10. Be3 Ngf6 11. Be2 Qe7 12. 0-0 0-0 13. g4 Qb4 14. g5 Nh5 15. f6 Bh8 16. Rad1 Rad8 17. Rd2 Nc5 18. a3 Qb3 19. Rxd8 Rxd8 20. Bxc5 Nf4 21. Rd1 Rxd1+ 22. Nxd1 Qc2 23. Kf1 h6 24. h4 hxg5 25. hxg5 b6 26. Bd6 Ne6 27. Qe3 a6 28. Bxe5 b5 29. cxb5 axb5 30. Bg3 c5 31. Be1 Nd4 32. Qd3 Qc1 33. Bf2 Ne6 34. Be3 Qa1 35. Qd7 b4 36. Qe8+ Kh7 37. Qxf7+ Ng7 38. fxg7 Bxg7 39. Bxc5 Qc1 40. Bf8 Qf4+ 41. Qxf4 1-0

[Event "Titled Tuesday intern op 02nd Jan Late"]
[Site "Chess.com INT"]
[Date "2024.01.02"]
[Round "9"]
[White "Kraiouchkine, Nikita"]
[Black "Suvorov, Alexander David"]
[Result "0-1"]
[WhiteElo "2218"]
[BlackElo "2334"]
[PlyCount "51"]
[EventDate "2024.01.02"]
[EventType "swiss (blitz)"]
[EventRounds "11"]
[EventCountry "USA"]
[SourceTitle "EXT 2025"]
[Source "ChessBase"]
[SourceDate "2024.10.14"]
[SourceVersion "1"]
[SourceVersionDate "2024.10.14"]
[SourceQuality "1"]

1. e4 d6 2. d4 Nf6 3. Nc3 Nbd7 4. f4 e5 5. Nf3 exd4 6. Qxd4 c6 7. Bc4 d5 8. exd5 Bc5 9. Qd3 0-0 10. Bd2 Re8+ 11. Kf1 b5 12. Bb3 b4 13. Na4 cxd5 14. Re1 a5 15. Rxe8+ Qxe8 16. Nxc5 Nxc5 17. Qe3 Ba6+ 18. Ke1 Nce4 19. Ne5 Qb5 20. c4 bxc3 21. Bxc3 a4 22. Bc2 a3 23. Bd3 axb2 24. Bxb5 b1Q+ 25. Ke2 Bxb5+ 26. Kf3 0-1

[Event "Titled Tuesday intern op 02nd Jan Late"]
[Site "Chess.com INT"]
[Date "2024.01.02"]
[Round "5"]
[White "Matlakov, Maxim"]
[Black "Kraiouchkine, Nikita"]
[Result "1-0"]
[WhiteElo "2662"]
[BlackElo "2218"]
[PlyCount "91"]
[EventDate "2024.01.02"]
[EventType "swiss (blitz)"]
[EventRounds "11"]
[EventCountry "USA"]
[SourceTitle "EXT 2025"]
[Source "ChessBase"]
[SourceDate "2024.10.14"]
[SourceVersion "1"]
[SourceVersionDate "2024.10.14"]
[SourceQuality "1"]

1. d4 d5 2. Nf3 Nf6 3. Bg5 Ne4 4. Bh4 Bf5 5. e3 c6 6. Nbd2 Nd7 7. Be2 Qb6 8. 0-0 Nxd2 9. Qxd2 Qxb2 10. Rab1 Qxc2 11. Qxc2 Bxc2 12. Rxb7 e6 13. Rc1 Ba4 14. Ng5 c5 15. dxc5 Nxc5 16. Rc7 f6 17. Bh5+ g6 18. Nxh7 Be7 19. Bxg6+ Kd8 20. R7xc5 Bxc5 21. Bxf6+ Kd7 22. Bxh8 Ba3 23. Nf6+ Kd6 24. Rb1 Rxh8 25. Bd3 Rc8 26. h4 Ke7 27. Ng4 Rc1+ 28. Rxc1 Bxc1 29. Ne5 Bb2 30. f4 Kf6 31. Ng4+ Kg7 32. Kf2 Bd1 33. Ne5 Kf6 34. Be2 Ba4 35. g4 Bxe5 36. g5+ Kf5 37. Bd3+ Kg4 38. fxe5 Kxh4 39. g6 Be8 40. g7 Bf7 41. Bh7 Kg5 42. Kf3 a5 43. a4 Kh6 44. g8Q Bxg8 45. Bxg8 Kg6 46. Bxe6 1-0

[Event "Titled Tuesday intern op 02nd Jan Late"]
[Site "Chess.com INT"]
[Date "2024.01.02"]
[Round "11"]
[White "Shuvalov, Evgenij"]
[Black "Kraiouchkine, Nikita"]
[Result "0-1"]
[WhiteElo "2079"]
[BlackElo "2218"]
[PlyCount "108"]
[EventDate "2024.01.02"]
[EventType "swiss (blitz)"]
[EventRounds "11"]
[EventCountry "USA"]
[SourceTitle "EXT 2025"]
[Source "ChessBase"]
[SourceDate "2024.10.14"]
[SourceVersion "1"]
[SourceVersionDate "2024.10.14"]
[SourceQuality "1"]

1. d4 d5 2. c4 c6 3. Nc3 Nf6 4. e3 g6 5. Nf3 Bg7 6. Be2 dxc4 7. Bxc4 0-0 8. 0-0 Bg4 9. Be2 Nbd7 10. h3 Bxf3 11. Bxf3 e5 12. b3 exd4 13. exd4 Nb6 14. Re1 Qd7 15. Ba3 Rfe8 16. Qd2 Rad8 17. Rxe8+ Rxe8 18. Rd1 Nbd5 19. Nxd5 Nxd5 20. Qa5 b6 21. Qd2 h5 22. Rc1 Kh7 23. Qc2 Re6 24. Bxh5 Bxd4 25. Bg4 f5 26. Bf3 Nf4 27. Bb2 Nd3 28. Rd1 Nxb2 29. Qxb2 Re1+ 30. Rxe1 Bxb2 31. g3 c5 32. Kg2 Qd2 33. Re2 Qc1 34. h4 Bd4 35. Re7+ Kg8 36. Bd5+ Kf8 37. Re2 Qc3 38. Bf3 a5 39. Re6 Qb2 40. Re2 Qa3 41. Bd5 a4 42. Bc4 axb3 43. axb3 Qb4 44. Bd5 b5 45. Re6 c4 46. bxc4 bxc4 47. Rxg6 c3 48. Rc6 Qb2 49. Kh3 c2 50. Rc8+ Ke7 51. Rc7+ Kd6 52. Rc6+ Kxd5 53. Rc8 c1Q 54. Rd8+ Ke4 0-1

[Event "Titled Tuesday intern op 12th Dec Early"]
[Site "Chess.com INT"]
[Date "2023.12.12"]
[Round "4"]
[White "Antonio, Jorge Carlos"]
[Black "Kraiouchkine, Nikita"]
[Result "0-1"]
[WhiteElo "2277"]
[BlackElo "2218"]
[PlyCount "56"]
[EventDate "2023.12.12"]
[EventType "swiss (blitz)"]
[EventRounds "11"]
[EventCountry "USA"]
[SourceTitle "CBM 217 Extra"]
[Source "ChessBase"]
[SourceDate "2024.01.31"]
[SourceVersion "1"]
[SourceVersionDate "2024.01.31"]
[SourceQuality "1"]

1. d4 d5 2. Nf3 Nf6 3. Bf4 e6 4. e3 b6 5. c3 Bb7 6. Bd3 Nbd7 7. Nbd2 Ne4 8. 0-0 f5 9. Ne5 Nxe5 10. Bxe5 Qd7 11. f3 Nxd2 12. Qxd2 Bd6 13. f4 Bxe5 14. fxe5 a5 15. c4 dxc4 16. Bxc4 Bd5 17. Bxd5 Qxd5 18. Rac1 c5 19. Qc3 cxd4 20. exd4 0-0 21. Rfd1 Rac8 22. Qe3 Qxa2 23. Rxc8 Rxc8 24. d5 exd5 25. e6 Qc4 26. e7 Qe4 27. Qxb6 Qxe7 28. Rxd5 Qe1# 0-1

[Event "Titled Tuesday intern op 12th Dec Late"]
[Site "Chess.com INT"]
[Date "2023.12.12"]
[Round "6"]
[White "Cueto, Jose"]
[Black "Kraiouchkine, Nikita"]
[Result "0-1"]
[WhiteElo "2112"]
[BlackElo "2218"]
[PlyCount "154"]
[EventDate "2023.12.12"]
[EventType "swiss (blitz)"]
[EventRounds "11"]
[EventCountry "USA"]
[SourceTitle "EXT 2025"]
[Source "ChessBase"]
[SourceDate "2024.10.14"]
[SourceVersion "1"]
[SourceVersionDate "2024.10.14"]
[SourceQuality "1"]

1. d4 d5 2. Bf4 Nf6 3. e3 Bf5 4. c4 c6 5. Qb3 Qb6 6. Nc3 e6 7. c5 Qxb3 8. axb3 Nbd7 9. b4 Ne4 10. b5 Nxc3 11. bxc3 e5 12. Bg3 f6 13. bxc6 bxc6 14. c4 Be6 15. Nf3 dxc4 16. Nd2 c3 17. Nc4 exd4 18. exd4 Be7 19. Nd6+ Bxd6 20. Bxd6 Kf7 21. Ba6 Bd5 22. 0-0 Rae8 23. Bd3 Ra8 24. Ba6 Rae8 25. Bd3 Ra8 26. Bf5 Be6 27. Be4 Rhc8 28. Rfc1 f5 29. Bf3 a5 30. Rxc3 a4 31. Bd1 Ra6 32. Rxa4 Rxa4 33. Bxa4 Ra8 34. Ra3 Nf6 35. f3 Nd5 36. h4 Nb4 37. Bf4 Nc2 38. Ra2 Bxa2 39. Bxc2 Be6 40. Kh2 Ra2 41. Bd3 g6 42. Bf1 Ra4 43. Be5 Bd5 44. Bd3 f4 45. h5 gxh5 46. Bxh7 Ke6 47. Bg8+ Kd7 48. Bh7 Ra1 49. Bg6 Ra2 50. Bxh5 Ke6 51. Bg4+ Kf7 52. Kh3 Kg6 53. Bd7 Ra1 54. Kh2 Kg5 55. Bh3 Ra2 56. Bd6 Bxf3 57. Be7+ Kg6 58. Bd6 Bxg2 59. Bxg2 f3 60. Kg3 fxg2 61. Kh2 Kf5 62. Bg3 Ke6 63. Be5 Kd5 64. Kg1 Rd2 65. Bg7 Rxd4 66. Kxg2 Kxc5 67. Kg1 Kd5 68. Kf1 Re4 69. Kf2 c5 70. Kf3 Re8 71. Kf2 c4 72. Kf3 Kc5 73. Kf2 Kb4 74. Kf3 c3 75. Bxc3+ Kxc3 76. Kf4 Kd4 77. Kf5 Rf8+ 0-1

[Event "Titled Tuesday intern op 05th Dec Late"]
[Site "Chess.com INT"]
[Date "2023.12.05"]
[Round "8"]
[White "Agibileg, Uurtsaikh"]
[Black "Kraiouchkine, Nikita"]
[Result "0-1"]
[WhiteElo "2445"]
[BlackElo "2218"]
[PlyCount "80"]
[EventDate "2023.12.05"]
[EventType "swiss (blitz)"]
[EventRounds "11"]
[EventCountry "USA"]
[SourceTitle "EXT 2025"]
[Source "ChessBase"]
[SourceDate "2024.10.14"]
[SourceVersion "1"]
[SourceVersionDate "2024.10.14"]
[SourceQuality "1"]

1. d4 d5 2. c4 c6 3. Nf3 Nf6 4. Nc3 dxc4 5. g3 e6 6. Ne5 b5 7. Bg2 Nd5 8. 0-0 Be7 9. e4 Nxc3 10. bxc3 Bb7 11. a4 Nd7 12. f4 Nxe5 13. fxe5 0-0 14. h4 b4 15. cxb4 Bxb4 16. Be3 c5 17. d5 Bc3 18. Rc1 Bxe5 19. Bxc5 Bd6 20. Bxd6 Qxd6 21. Rxc4 exd5 22. exd5 Qxg3 23. Rg4 Qd6 24. Kh1 f6 25. h5 Rad8 26. h6 g6 27. Rd4 Qe5 28. Qd2 Rfe8 29. Rb1 Qh5+ 30. Kg1 Re2 31. Qa5 Rde8 32. Qc7 R2e7 33. Qg3 Rd7 34. Bf3 Qe5 35. Qxe5 fxe5 36. Rdd1 e4 37. Re1 Bxd5 38. Bg4 Rd6 39. Rbd1 Re5 40. Rd4 Rg5 0-1

[Event "Titled Tuesday intern op 05th Dec Late"]
[Site "Chess.com INT"]
[Date "2023.12.05"]
[Round "7"]
[White "Boyer, Mahel"]
[Black "Kraiouchkine, Nikita"]
[Result "0-1"]
[WhiteElo "2427"]
[BlackElo "2218"]
[PlyCount "118"]
[EventDate "2023.12.05"]
[EventType "swiss (blitz)"]
[EventRounds "11"]
[EventCountry "USA"]
[SourceTitle "EXT 2025"]
[Source "ChessBase"]
[SourceDate "2024.10.14"]
[SourceVersion "1"]
[SourceVersionDate "2024.10.14"]
[SourceQuality "1"]

1. Nf3 d5 2. b3 Nf6 3. Bb2 e6 4. d3 b6 5. Rg1 Bb7 6. g4 c5 7. g5 Nfd7 8. e3 Nc6 9. c4 Qc7 10. Nc3 Nce5 11. Bg2 Ng6 12. cxd5 exd5 13. h4 d4 14. exd4 cxd4 15. Nb5 Bb4+ 16. Kf1 Qf4 17. Qe2+ Kf8 18. a3 Be7 19. Re1 Re8 20. h5 Bxf3 21. Bxf3 Nh4 22. Nxd4 Nxf3 23. Qxf3 Qxf3 24. Nxf3 f6 25. h6 gxh6 26. gxh6 Rg8 27. Rxg8+ Kxg8 28. Nh4 Kf7 29. Nf5 Bf8 30. Rxe8 Kxe8 31. d4 Kf7 32. d5 Kg6 33. Nd4 Bxh6 34. Nc6 a5 35. Ke2 Bf8 36. Kd3 Bc5 37. f4 Kf5 38. Bc1 h5 39. b4 axb4 40. axb4 Bd6 41. Nd4+ Kg4 42. Ke4 h4 43. Nf5 h3 44. Ne3+ Kg3 45. Kf5 Kf3 46. Ng4 Bxb4 47. Bb2 Be7 48. Bd4 b5 49. Nf2 h2 50. Ke6 Bc5 51. Kxd7 Bxd4 52. Nh1 Kg2 53. Kc6 Kxh1 54. d6 Kg1 55. d7 h1Q+ 56. Kc7 Qh7 57. Kc8 Bb6 58. d8Q Bxd8 59. f5 Qc7# 0-1

[Event "Titled Tuesday intern op 05th Dec Late"]
[Site "Chess.com INT"]
[Date "2023.12.05"]
[Round "4"]
[White "Hambleton, Aman"]
[Black "Kraiouchkine, Nikita"]
[Result "1-0"]
[WhiteElo "2420"]
[BlackElo "2218"]
[PlyCount "103"]
[EventDate "2023.12.05"]
[EventType "swiss (blitz)"]
[EventRounds "11"]
[EventCountry "USA"]
[SourceTitle "EXT 2025"]
[Source "ChessBase"]
[SourceDate "2024.10.14"]
[SourceVersion "1"]
[SourceVersionDate "2024.10.14"]
[SourceQuality "1"]

1. d4 d5 2. Bf4 Nf6 3. e3 e6 4. Nf3 b6 5. c3 Bb7 6. Bd3 Nbd7 7. Nbd2 Ne4 8. Ne5 Nxe5 9. Bxe5 Bd6 10. Bxd6 Qxd6 11. Nxe4 dxe4 12. Bb5+ c6 13. Be2 0-0 14. 0-0 Rad8 15. Qa4 a5 16. Qc2 c5 17. Rfd1 Qc7 18. dxc5 Qxc5 19. c4 f5 20. g3 Qe5 21. Rxd8 Rxd8 22. Rd1 Qc7 23. Rxd8+ Qxd8 24. Qc3 Qd6 25. h4 Kf7 26. Kf1 Bc6 27. Ke1 Qc5 28. Kd2 Qd6+ 29. Kc2 e5 30. b3 f4 31. Kb2 Qf6 32. Qe1 Bd7 33. a3 Ke7 34. Bd1 Bf5 35. b4 Qc6 36. Bb3 a4 37. Ba2 b5 38. Qc3 Kf6 39. gxf4 Qd6 40. c5 Qd1 41. Qxe5+ Kg6 42. Bf7+ Kh6 43. Qd6+ Qxd6 44. cxd6 Bd7 45. Kc3 g6 46. Kd4 Kg7 47. Bd5 Kf6 48. Kc5 Kf5 49. Bc6 Be6 50. d7 Bxd7 51. Bxd7+ Kf6 52. Bxb5 1-0